LEADER 01141nam a2200241 i 4500 001 000000251547 003 CaOOAMICUS 005 20161118000000.0 008 161118s1873 it u000 u ita u 013 $a230452 040 $aSeMil$bita 100 1 $aBellecio, Luigi .$0(OLS)http://semarc/name/28531 245 13$aLa virtù soda :$bopera in tre parti divisa /$cdel p. Luigi Bellecio ; recata dal latino in volgare e corredata di note dal p. Luigi Lombardini. 260 $aTorino :$bPietro Marietti,$c1873. 300 $aVIII, 495 p. ;$c18 cm. 490 0 $aBiblioteca di teologia popolare. Serie 3 ;$v2 650 4$aVirtù - Teologia cristiana.$0(OLS)http://semarc/subject/1809 700 1 $aLombardini, Luigi <1821-1898>.$0(OLS)http://semarc/name/83601 830 0$aBiblioteca di teologia popolare. Serie 3 ;$v2.$0(OLS)http://semarc/title/18967 850 $aSeMil 852 $aSeMil$W1$xVenegono$y1$m2E II 66 FA$j201893$B201893$CSeMilBibl$Z2$F214267 $8I 996 $6245$aLa virtù soda :$bopera in tre parti divisa$9(OLS)http://semarc/title/353823 996 $6260$aTorino :$bPietro Marietti$9(OLS)http://semarc/publisher/33870 LEADER 01172nam a2200289 i 4500 001 000000039938 003 CaOOAMICUS 005 20060911000000.0 008 060911s1965 it u000 u ita u 013 $a11094 040 $aSeMil$bita 100 0 $aBasilius : Caesariensis,$c.$0(OLS)http://semarc/name/99860 245 10$aOmelie sui salmi /$cS. Basilio di Cesarea ; versione, introduzione e note a cura di Adriana Regaldo Raccone. 260 $a[Italia] :$bPaoline,$c1965. 300 $a323 p. ;$c20 cm. 490 0 $aPatristica 500 $aContiene : Nota bibliografica. 650 4$aPatristica - Scrittori greci.$0(OLS)http://semarc/subject/167 700 1 $aRegaldo Raccone, Adriana.$0(OLS)http://semarc/name/19437 830 0$aPatristica.$0(OLS)http://semarc/title/6204 850 $aSeMil 852 $aSeMil$W1$xVenegono$y1$m2S II 250$j6093$B6093$CSeMilBibl$Z2$F6093 $81 900 1 $aBasilius : Magnus . 961 $aOmaggio: Donazione 996 $6245$aOmelie sui salmi$9(OLS)http://semarc/title/57162 996 $6260$a[Italia] :$bPaoline$9(OLS)http://semarc/publisher/31241 LEADER 01074nam a2200277 i 4500 001 000000118368 003 CaOOAMICUS 005 20030926000000.0 008 030926s1993 it u000 u ita u 013 $a91061 040 $aSeMil$bita 245 13$aIl processo di Santa Chiara d'Assisi /$ca cura di Nello Vian. 250 $a2. ed. 260 $aMilano :$bO.R.,$c1993. 300 $a122 p. ;$c20 cm. 490 0 $aCollana francescana. Nuova serie ;$v12 500 $aFondo Card. C.M. Martini. 600 04$aChiara : d'Assisi .$0(OLS)http://semarc/subject/7962 700 1 $aVian, Nello,$d<1907-2000>.$0(OLS)http://semarc/name/4389 830 0$aCollana francescana. Nuova serie ;$v12.$0(OLS)http://semarc/title/11022 850 $aSeMil 852 $aSeMil$W1$xVenegono$y1$m3H II 164$j73684$B73684$CSeMilBibl$Z2$F76435 $81 941 1 $a4 961 $aOmaggio: Martini Card. Carlo Maria 996 $6245$aIl processo di Santa Chiara d'Assisi$9(OLS)http://semarc/title/173879 996 $6260$aMilano :$bO.R.$9(OLS)http://semarc/publisher/29789 LEADER 01129nam a2200289 i 4500 001 000000175751 003 CaOOAMICUS 005 20081117000000.0 008 081117s1998 it u000 u ita u 013 $a153234 020 $a88-85943-28-4 040 $aSeMil$bita 100 1 $aMillu, Liana <1914-2005>.$0(OLS)http://semarc/name/43325 245 13$aIl fumo di Birkenau /$cLiana Millu. 250 $a9. Ed. 260 $aFirenze :$bGiuntina,$c1998. 300 $a163 p. ;$c20 cm. 490 0 $aSchulim Vogelmann ;$v14 500 $aDono di don Romano Martinelli. 650 4$aCampi di concentramento - Guerra mondiale - 1939-1945 - Diari e memorie.$0(OLS)http://semarc/subject/9403 830 0$aSchulim Vogelmann ;$v14.$0(OLS)http://semarc/title/11273 850 $aSeMil 852 $aSeMil$W1$xVenegono$y1$m3V I 232$j126573$B126573$CSeMilBibl$Z2$F138645 $81 961 $aOmaggio: Martinelli don Romano 996 $6020$a88-85943-28-4$9(OLS)http://semarc/number/164075 996 $6245$aIl fumo di Birkenau$9(OLS)http://semarc/title/252091 996 $6260$aFirenze :$bGiuntina$9(OLS)http://semarc/publisher/31954 LEADER 01178nam a2200265 i 4500 001 000000209976 003 CaOOAMICUS 005 20120109000000.0 008 120109s2011 it u000 u mul u 013 $a188768 020 $a978-88-215-7157-2 040 $aSeMil$bita 100 1 $aMazzinghi, Luca,$d<1960- >.$0(OLS)http://semarc/name/13305 245 10$aCantico dei cantici /$ca cura di Luca Mazzinghi. 260 $aCinisello Balsamo :$bSan Paolo,$c2011. 300 $a123 p. ;$c22 cm. 490 0 $aNuova versione della Bibbia dai testi antichi ;$v22 650 4$aBibbia. Antico Testamento. Cantico dei Cantici - Commentari, studi, critica, interpretazioni.$0(OLS)http://semarc/subject/5490 830 0$aNuova versione della Bibbia dai testi antichi ;$v22.$0(OLS)http://semarc/title/32532 850 $aSeMil 852 $aSeMil$W1$xVenegono$y1$m2XA E 22$j230486$B160427$CSeMilBibl$Z2$F171989 $81 961 $aOmaggio: Braccini Annamaria 996 $6020$a978-88-215-7157-2$9(OLS)http://semarc/number/204804 996 $6245$aCantico dei cantici$9(OLS)http://semarc/title/303579 996 $6260$aCinisello Balsamo :$bSan Paolo$9(OLS)http://semarc/publisher/30129